[Event "Jermuk FIDE GP"]
[Site "Jermuk"]
[Date "2009.08.16"]
[Round "7"]
[White "Cheparinov, Ivan"]
[Black "Leko, Peter"]
[Result "0-1"]
[WhiteElo "2678"]
[BlackElo "2756"]
[Annotator "Ftacnik,L"]
[PlyCount "116"]
[EventDate "2009.08.09"]
[EventType "tourn"]
[EventRounds "13"]
[EventCountry "ARM"]
[EventCategory "19"]
[SourceTitle "CBM 132"]
[Source "ChessBase"]
[SourceDate "2009.09.16"]
[SourceVersion "1"]
[SourceVersionDate "2009.09.16"]
[SourceQuality "1"]

1. d4 Nf6 2. c4 e6 3. Nf3 b6 4. g3 Ba6 5. b3 Bb4+ 6. Bd2 Be7 7. Nc3 c6 8. e4 d5
9. Bd3 dxc4 10. bxc4 e5 11. Ne2 {The witty counterblow in the centre does not
solve all the defensive problems. Both grandmasters are known as respected
theoreticians, their discussion should be interesting.} (11. Be3 Nbd7 12. O-O (
12. h3 Qc7 13. O-O O-O 14. Qc2 $14) 12... Ng4 13. Qe2 Nxe3 14. fxe3 O-O 15. a4
Bb4 16. Qb2 Qe7 17. Nd1 Bd6 18. Nf2 c5 19. d5 Nf6 20. Qc2 $11 {1/2-1/2 Sosonko,
G (2575)-Speelman,J (2410)/Amsterdam 1978 (30)}) 11... Nbd7 {The most natural
move in the position which is full of tactical possibilities. Black's
situation is more dangerous than meets the eye; holding the centre would
represent a great success.} (11... Nfd7 12. Bc3 O-O 13. Nxe5 (13. Qc2 exd4 14.
Nexd4 g6 15. O-O Nc5 16. Be2 $16) 13... Nxe5 14. dxe5 Nd7 15. O-O Nc5 16. Nd4
Nxd3 17. Nxc6 Nxf2 $1 18. Rxf2 Qxd1+ 19. Rxd1 Bc5 20. Bd4 Rfc8 21. Bxc5 Rxc6
22. Ba3 Bxc4 23. Rc2 b5 24. Rd7 $11 {1/2-1/2 Van Wely,L (2681)-Topalov,V (2780)
/Nice 2008 (46)}) (11... exd4 $6 12. O-O $1 Nfd7 13. Nexd4 Ne5 14. Be2 $16) 12.
Qc2 (12. dxe5 $2 Nc5 13. Bb1 Nfxe4 $15) 12... O-O 13. O-O Qc7 14. h3 {
Cheparinov is gettig ready for the exchanges in the centre. It might have been
more exact to centralise the rooks first.} (14. Rad1 Rad8 15. Rfe1 Bb7 $14)
14... Rad8 15. dxe5 (15. a4 exd4 16. Nexd4 Bd6 17. a5 Bc8 $11) 15... Nxe5 16.
Nxe5 Qxe5 17. Bc3 Qh5 {From the h5-square, the queen is not only attacking,
but also defending the pawn on h7.} (17... Qc5 18. e5 Rxd3 19. exf6 Rxc3 20.
Nxc3 Bxf6 21. Ne4 Qxc4 22. Nxf6+ gxf6 23. Qb2 $14) 18. e5 Nd7 19. Nf4 {White
is refusing the trade of the e5-pawn for the opponent's h7, since it would
simplify his defensive tasks.} (19. Rfd1 Nxe5 (19... Qxh3 $2 20. Bf5 $18) 20.
Nf4 Qg5 21. Bxh7+ Kh8 22. Be4 Bc5 $11) 19... Qh6 20. Rfd1 Bg5 {Leko as a
cautious player is not engaging in adventures with weakening of the pawn
structure for the purpose of winning material.} (20... Nc5 21. Bf5 g6 22. Bg4
g5 23. Ne2 Rxd1+ 24. Rxd1 Bxc4 25. Bb4 Bd5 $13) 21. Bf5 Nc5 22. Ng2 Bc8 (22...
Bxc4 $2 23. h4 Be7 24. Bd2 $16) 23. Bxc8 Rxc8 24. Qf5 {White has to live with
tha failure of getting an advantage.} (24. h4 Be7 25. Nf4 Rfe8 26. Kg2 Ne6 27.
Ne2 f6 $11) 24... Qg6 25. Qxg6 hxg6 26. Bb4 (26. h4 Be7 27. Nf4 Rfd8 $11) 26...
Be7 27. Kf1 Rfe8 28. Ne1 a5 29. Bxc5 $6 {[%mdl 4096] The exchange of the
bishop is hard to comprehend. In positions with pawn assymetry the mobile
bishop is stronger than the lame knight.} (29. Ba3 f6 30. Rab1 Na4 31. Bxe7
Rxe7 32. exf6 gxf6 33. Rd6 Kf7 34. Nf3 $11) 29... Bxc5 30. Nd3 Bd4 31. Rab1 Rb8
32. f4 g5 $1 33. Nf2 {The time of simple solutions is over for White. He must
take care to avoid hitting serious problems.} (33. Nb4 axb4 34. Rxd4 gxf4 35.
gxf4 c5 36. Rd5 Ra8 $15) 33... Be3 (33... c5 34. Re1 gxf4 35. gxf4 Re6 36. Kg2
$11) 34. fxg5 {White may have possibly helped himself with tactics, but it
only confirms the precarious nature of his situation.} (34. Ng4 $5 gxf4 35. Ke2
Kf8 36. Kf3 Bc5 37. Kxf4 $11) 34... Rxe5 35. h4 Rf5 36. Rb2 b5 37. cxb5 cxb5 {
Black needs to save the connected pawns in order to keep his winning chances
alive.} (37... Rbxb5 38. Re2 Rxf2+ 39. Rxf2 Bxf2 40. Kxf2 Rb2+ 41. Kf3 Rxa2 42.
Rc1 $11) 38. Kg2 Rxf2+ 39. Rxf2 Bxf2 40. Kxf2 b4 41. Ke3 a4 42. Rb1 Kh7 43. Kd2
$6 {The defence of the rook endgame will be played by Cheparinov without any
enthusiasm. White will choose the second rate solution simply too often.} (43.
h5 $1 b3 44. axb3 axb3 45. Rb2 Rb4 (45... Rb5 46. Kf4) 46. Kf3 f6 (46... g6 47.
g4 Rb5 48. Kf4 Kg7 49. Kf3) 47. gxf6 gxf6 48. g4 Kh6 49. Kg3 Kg5 50. Kf3 Rb5
51. Kg3 Rb7 52. Kf3 Rb4 53. Kf2 Kxg4 54. h6 Rb7 55. h7 Rxh7 56. Rxb3 $11) 43...
Kg6 44. Rf1 $2 {White could still have held the draw by stopping the enemy
king on the square g6.} (44. g4 $1 b3 45. axb3 axb3 46. Kc3 b2 (46... Rh8 47.
Rh1) (46... f5 47. gxf6 Kxf6 48. Rf1+ Kg6 49. Kb2 Rb4 50. Rg1 $11) 47. Rxb2
Rxb2 48. Kxb2 f5 49. gxf6 Kxf6 50. Kc3 Ke5 51. Kd3 Kf4 52. h5 Kxg4 53. h6 gxh6
54. Ke2 Kg3 55. Kf1 $11) 44... Rd8+ 45. Kc2 Rc8+ 46. Kb1 Rc4 $1 47. Rf2 Rg4 48.
Rf3 Re4 49. Rf2 Re1+ 50. Kb2 Rg1 51. Rf4 {From afar the position might have
seemed sufficient, but in fact it is just one step from catastrophe.} (51. Rf3
Rg2+ 52. Kb1 a3 53. Rb3 (53. Rf4 Rxg3 54. Rxb4 Kh5 $19) 53... Kh5 54. Rxb4 Rxg3
55. Rf4 g6 56. Kc2 Re3 57. Kd2 Rh3 58. Rxf7 Rxh4 $17) 51... Rxg3 52. Rxb4 a3+
53. Kc2 Kh5 54. Rf4 g6 55. Ra4 (55. Rxf7 Kxh4 $17) 55... Rh3 56. Kd2 $2 {
The mental shortcut after a long fight with painful moments. Cheparinov will
suddenly play the endgame with no survival chances at all.} (56. Rf4 Rxh4 57.
Rxf7 Kxg5 $17) 56... Rxh4 57. Rxa3 Rh2+ 58. Ke1 Kxg5 0-1

[Event "Bundesliga 0001"]
[Site "Germany"]
[Date "2001.03.10"]
[Round "10.6"]
[White "Hackel, Mario"]
[Black "Neidhardt, Claus Ulrich"]
[Result "1-0"]
[WhiteElo "2338"]
[BlackElo "2429"]
[Annotator "Ftacnik,L"]
[PlyCount "75"]
[EventDate "2000.10.14"]
[EventType "team-tourn"]
[EventRounds "15"]
[EventCountry "GER"]
[SourceTitle "CBM 082"]
[Source "ChessBase"]
[SourceDate "2001.05.17"]
[SourceVersion "1"]
[SourceVersionDate "2001.05.17"]
[SourceQuality "1"]
[WhiteTeam "Koenig Plauen"]
[BlackTeam "Schott Mainz"]
[WhiteTeamCountry "GER"]
[BlackTeamCountry "GER"]

1. d4 d5 2. Nf3 Nf6 3. c4 e6 4. g3 Bb4+ 5. Bd2 Be7 6. Bg2 O-O 7. O-O c6 8. Qc2
Nbd7 9. Rd1 b6 10. a4 Ba6 11. b3 Rc8 12. a5 c5 13. axb6 Qxb6 14. Ba5 (14. Qa2
Bb7 (14... Nb8 15. Ba5 Qd6 16. Nbd2 (16. cxd5 Qxd5 17. Ne5 {1/2-1/2
Bogdanovski,V-Kurajica,B/Star Dojran/1991/ (17)}) 16... cxd4 17. Nxd4 Bd8 18.
cxd5 Nxd5 19. Nc4 Qc5 20. Nf5 Nb4 21. Qd2 N4c6 22. Bxc6 Nxc6 23. Bc3 Bxc4 24.
Qh6 {1-0 Marin,M-Kiselev,S/Bucharest/1997/ (24)}) 15. b4 (15. Ba5 Qd6 16. Nbd2
cxd4 17. Nxd4 Qb8 18. cxd5 {1/2-1/2 Razuvaev,Y-Balashov,Y/Helsinki/1984/ (18)})
15... cxb4 16. c5 Nxc5 17. dxc5 Bxc5 18. e3 Qd6 19. Nd4 a5 20. Be1 a4 21. Qb2
Ra8 {0-1 Danielsen,H-Galdunts,S/Yerevan 1996/ (34)}) 14... Qb8 15. Nbd2 (15.
Bc3 Bb7 16. Nbd2 h6 17. Qa2 a6 18. e3 Rfd8 19. Rab1 Qa8 20. Qa1 dxc4 21. bxc4
Bc6 {0-1 Franco Alonso,A-Acs,P/San Agustin/1998/ (44)}) 15... cxd4 (15... Bb7)
16. Nxd4 Bc5 (16... Bb7 17. Qb2 Nb6 $11) 17. Bc3 Qb6 (17... Bb7 18. b4 Bxd4 19.
Bxd4 dxc4 20. Bxa7 Qc7 21. e4 Rfd8 $13) 18. e3 Rfe8 $2 {[%mdl 64] Black is not
sensing the danger, bishop on a6 is rather loose and white will quickly obtain
huge advantage.} (18... e5 $5 19. b4 Bxb4 20. Bxb4 Qxb4 21. Rxa6 exd4 22. exd4
dxc4 23. Rb1 Qe7 24. Rxa7 $14) 19. b4 $1 Bxd4 20. Bxd4 Qb7 21. Qa2 $1 e5 (21...
Bxc4 $2 22. Nxc4 Rxc4 23. Qxc4 $18) 22. Bc5 (22. Qxa6 Qxa6 23. Rxa6 exd4 24.
Bxd5 Nxd5 25. cxd5 dxe3 26. fxe3 $16) 22... Nb8 (22... Nxc5 23. bxc5 $18) 23.
Bd6 (23. cxd5 e4 24. Bd4 $18) 23... Re6 24. Bc5 Rd8 25. cxd5 Ree8 {If the
second player can not take back the pawn on d5 his position is quite critical.}
(25... Nxd5 26. Ne4 Rd7 27. Ng5 $18) 26. Ne4 Nxe4 (26... Nxd5 27. Rxd5 $1 Rxd5
28. Nd6 $18) 27. Bxe4 g6 28. f3 Qd7 (28... f5 $2 29. d6+ $18) 29. d6 Kg7 30.
Qb2 Kh6 (30... f5 31. Bd5 $18) 31. Ra5 Qc8 32. Bxa7 f5 33. Bxb8 {The final
tactical solution was mainly a question of taste.} (33. Bb1 Nc6 34. Rad5 $18)
33... fxe4 34. Bc7 exf3 (34... Rd7 35. fxe4 Bb7 36. Rxe5 $18) 35. Bxd8 Be2 (
35... Rxd8 36. Rxe5 Be2 37. Qd4 $18) 36. Rxe5 (36. Bg5+ Kxg5 37. d7 f2+ (37...
Rf8 38. Qxe5+ Kh6 39. Qg5+ Kg7 40. Qe7+ Kh6 41. Rh5+ gxh5 42. Rd6+ $18) 38.
Kxf2 Rf8+ 39. Kg1 $19) 36... Qh3 (36... Qxd8 37. Rdd5 Rf8 38. Kf2 $18) 37. Bg5+
Kh5 (37... Kg7 38. Re7+ $18) 38. Bf4+ (38. Bf4+ Rxe5 39. Qxe5+ $18) 1-0

[Event "Tilburg"]
[Site "Tilburg"]
[Date "1993.??.??"]
[Round "2"]
[White "Karpov, Anatoly"]
[Black "Romanishin, Oleg M"]
[Result "1-0"]
[WhiteElo "2760"]
[BlackElo "2615"]
[Annotator "Ftacnik,L"]
[PlyCount "75"]
[EventDate "1993.11.??"]
[EventType "k.o."]
[EventRounds "7"]
[EventCountry "NED"]
[SourceTitle "CBM 039"]
[Source "ChessBase"]
[SourceDate "1994.04.01"]
[SourceVersion "1"]
[SourceVersionDate "1994.04.01"]
[SourceQuality "1"]

1. d4 Nf6 2. c4 e6 3. Nf3 b6 4. g3 Ba6 5. b3 Bb7 6. Bg2 Bb4+ 7. Bd2 a5 8. O-O
O-O 9. Qc2 d6 10. Nc3 Nbd7 11. Rad1 Re8 12. Rfe1 Bxc3 13. Bxc3 Be4 14. Qc1 a4
15. Bh3 (15. Nh4 Bxg2 16. Nxg2 axb3 17. axb3 $10) 15... axb3 16. axb3 Ra2 17.
Rd2 (17. Bb2 b5 $1 $132) 17... Qa8 18. Rxa2 Qxa2 19. Nd2 b5 (19... Bb7 20. e4
$14) (19... Qc2 20. Nxe4 $1 Qxe4 21. Bg2 $16) (19... Bc2 20. Bb2 $1 Bxb3 21.
Qc3 Ba4 22. Ra1 $18) 20. f3 Bc6 21. e4 bxc4 22. bxc4 e5 $6 23. Qa1 Ra8 (23...
Qxa1 24. Rxa1 exd4 25. Bxd4 $14) 24. Qxa2 Rxa2 25. d5 Bb7 (25... Ba4 26. Rb1
$16) 26. Rb1 Ba6 27. c5 $1 dxc5 28. f4 $1 h5 (28... exf4 29. e5 Nxd5 30. Bxd7
h6 31. Rb8+ Kh7 32. Bf5+ g6 33. e6 gxf5 34. exf7 $18) 29. fxe5 Ng4 30. Bxg4 (
30. e6 fxe6 31. dxe6 Nb6 32. Nf3 Kf8 $14) 30... hxg4 31. Ra1 Rc2 $6 (31...
Rxa1+ 32. Bxa1 $18) 32. Rxa6 Rxc3 33. Ra8+ Kh7 34. e6 fxe6 35. dxe6 Nf6 36. e7
Rc1+ 37. Kf2 Rc2 38. Ke1 1-0

[Event "Cappelle op 24th"]
[Site "Cappelle la Grande"]
[Date "2008.02.21"]
[Round "7"]
[White "Kanep, Meelis"]
[Black "Vitiugov, Nikita"]
[Result "0-1"]
[WhiteElo "2523"]
[BlackElo "2609"]
[Annotator "Ftacnik,L"]
[PlyCount "72"]
[EventDate "2008.02.16"]
[EventType "swiss"]
[EventRounds "9"]
[EventCountry "FRA"]
[SourceTitle "CBM 122 Extra"]
[Source "ChessBase"]
[SourceDate "2008.03.04"]
[SourceVersion "1"]
[SourceVersionDate "2008.03.04"]
[SourceQuality "1"]

1. d4 Nf6 2. c4 e6 3. Nf3 d5 4. g3 Bb4+ 5. Bd2 Be7 6. Bg2 O-O 7. O-O c6 8. Qc2
Nbd7 9. Bf4 b6 10. Rd1 Ba6 11. b3 Rc8 12. Nc3 h6 13. e4 dxc4 14. Nd2 b5 15.
bxc4 bxc4 16. Na4 {Quite an unseemly move born out of necessity. White would
love to play the queen to a4 but the statistics there are anything but
encouraging.} (16. Qa4 Bb5 17. Nxb5 Nb6 18. Qxa7 (18. Qa6 cxb5 19. Qxb5 Ba3 20.
Nf1 c3 21. Bc1 Nc4 22. Bxa3 Nxa3 23. Qa4 c2 24. Rdc1 Rc3 25. Ne3 Qc7 {0-1
Mikhalevski,V (2548)-Goldin,A (2629)/Ashdod 2003 (48)}) 18... cxb5 19. Qa6 (19.
Nf1 c3 20. Rac1 b4 21. d5 exd5 22. e5 Ne8 23. Be3 Bc5 24. Bxd5 Bxe3 25. Nxe3
Qc7 {1/2 Yevseev,D (2580)-Ionov,S (2541)/St Petersburg 2003 (35)}) 19... Na4
20. d5 exd5 21. exd5 Bc5 22. Bh3 Nc3 23. Bxc8 Qxc8 24. Qxc8 Rxc8 25. Re1 Nfxd5
$15 {0-1 Sriram,J (2448)-Harikrishna,P (2539)/Mumbai 2003 (31)}) 16... c5 17.
d5 exd5 18. exd5 Nh5 19. Be3 Bf6 {Black's pieces are suddenly springing to
life with great energy. The dark-squared bishop will land on d4 taking lot of
sting out of White's chances.} 20. Nc3 (20. Rab1 Bd4 $5 21. Nxc4 (21. Ne4 $5
Bxe3 22. fxe3 Nhf6 (22... Qe7 23. Nac3 Nhf6 24. Kh1 Nxe4 25. Nxe4 Nb6 26. a4
Rfd8 27. d6 Qe5 28. Qc3 Qxc3 29. Nxc3 {1/2 Yevseev,D (2580)-Lugovoi,A (2554)/
St Petersburg 2004 (43)}) 23. Nac3 Nxe4 24. Nxe4 Ne5 25. Qc3 Re8 26. Qa3 c3 $1
$132) 21... Bxc4 22. Qxc4 Bxe3 23. fxe3 Qg5 $5 24. e4 (24. Qc1 Nhf6 25. Nc3 Qh5
26. Qd2 Ng4 27. h3 Nge5 $13) 24... Nhf6 25. Qc1 Qh5 26. Qf4 Ng4 27. h3 Nge5 {
0-1 Nielsen,P (2620)-Sasikiran,K (2670)/Hastings 2003/ (44)}) (20. Rac1 Bd4 21.
Nf1 Ne5 22. Qe2 Bxe3 23. Nxe3 Nf6 24. Nb2 Re8 25. Qc2 Nd3 {0-1 Coelho,L (2395)
-Fier,A (2499)/Santos 2007 (55)}) 20... Bd4 21. Nf1 (21. Nde4 Bxe3 22. fxe3 Rb8
23. Qa4 Rb6 24. Rab1 Bc8 25. d6 Nhf6 26. Qxc4 Nxe4 27. Nxe4 $14 {1/2 Ehlvest,J
(2597)-Ivanov,A (2587)/New York 2006 (32)}) 21... Qf6 {Vitiugov is gaining
courage to improve the position of the queen, but it amy not suffice for
equality.} (21... Be5 22. Rab1 Rb8 $13) 22. Ne4 Qe5 (22... Qg6 23. Bxd4 cxd4
24. Rxd4 $14) 23. f4 Qc7 24. Bxd4 $6 {A logical grab of the pawn, but
objectvely speaking only 24.d6!? could offer any chances for the advantage.} (
24. d6 $5 Qa5 25. Bxd4 cxd4 26. Rxd4 Nhf6 (26... Qb6 27. Rad1 Nc5 28. Nxc5 Qxc5
29. Ne3 $14) 27. Ne3 $14) 24... cxd4 25. Rxd4 Nhf6 (25... Qb6 $5 26. Qc3 (26.
Rad1 f5 27. Nc3 Nc5 $15) 26... f5 27. Ned2 Nc5 28. Rb1 Na4 29. Rxb6 Nxc3 $13)
26. Nxf6+ {Kanep does not feel the danger in choosing second rate moves. It
made lot of sense to centralize the other knight.} (26. Ne3 $1 Nxe4 27. Bxe4
Nf6 $11) 26... Nxf6 27. Qc3 (27. d6 $2 Qc5 28. Rad1 (28. Qc3 Rcd8 $17) 28... c3
$17) 27... Ne8 $1 28. Kh1 (28. Bh3 $5 f5 29. Ne3 Nd6 30. Rb1 Rce8 $15) 28...
Nd6 29. a4 Rb8 30. Nd2 (30. Ne3 $2 Rb3 31. Qc1 Qc5 $17) 30... Rfc8 {Black can
claim lot of success in harmonizing his army, White must play very carefully.}
(30... Rfe8 31. Rc1 Qd8 $17) 31. Rc1 Qd8 32. h3 $2 {The only real consequence
of this fluffy move is the weakening of the g3-square with disastrous
consequences.} (32. Re1 Qf6 33. Re5 Re8 $15) 32... Nf5 33. Re4 Rb3 $1 {This
move crowns the efforts of the black pieces. Since Kanep is unable to take the
rook he might as well have resigned.} 34. Qe5 (34. Nxb3 cxb3 35. Qe1 Rxc1 36.
Qxc1 Nxg3+ 37. Kh2 Nxe4 38. Bxe4 f5 39. Bxf5 Qxd5 $19) 34... Nxg3+ 35. Kh2 Nxe4
36. Nxb3 (36. Nxe4 Qd7 $19) 36... Nf2 0-1

[Event "Foros Aerosvit"]
[Site "Foros"]
[Date "2007.06.18"]
[Round "1"]
[White "Sasikiran, Krishnan"]
[Black "Onischuk, Alexander"]
[Result "1-0"]
[WhiteElo "2690"]
[BlackElo "2663"]
[Annotator "Ftacnik,L"]
[PlyCount "69"]
[EventDate "2007.06.18"]
[EventType "tourn"]
[EventRounds "11"]
[EventCountry "UKR"]
[EventCategory "18"]
[SourceTitle "CBM 119"]
[Source "ChessBase"]
[SourceDate "2007.08.01"]
[SourceVersion "1"]
[SourceVersionDate "2007.08.01"]
[SourceQuality "1"]

1. d4 Nf6 2. c4 e6 3. Nf3 b6 4. g3 Ba6 5. b3 Bb4+ 6. Bd2 Be7 7. Bg2 c6 8. Bc3
d5 9. Ne5 Nfd7 10. Nxd7 Nxd7 11. Nd2 O-O 12. O-O Rb8 {This well know variation
is the subject of quite a few battles at the highest level. White is ready to
attack the center with the pawns, the opponent hopes to create sufficient
counterplay.} 13. Bb2 Nf6 14. e4 c5 15. exd5 exd5 16. dxc5 dxc4 $2 {[%mdl 4]
Onischuk accepts the challenge and opens up the position for a direct clash.
Much more modest and preferable in the future is the move 16...bxc5 with
chances for the equality.} (16... bxc5 17. cxd5 Bxf1 18. Nxf1 Nd7 19. Ne3 Bf6
$13) 17. c6 $1 c3 (17... cxb3 18. Re1 (18. Qc1 Rc8 19. Nc4 Bb5 20. Rd1 Qe8 21.
Re1 Qd8 22. axb3 Bxc6 23. Rxa7 Bxg2 24. Raxe7 Bc6 25. Bxf6 gxf6 26. Qf4 Qd5 27.
R7e4 $16) 18... Bb4 19. Ne4 $1 Nxe4 (19... Bxe1 $2 20. Nxf6+ gxf6 21. Qg4+ Kh8
22. Rxe1 $18) 20. Rxe4 Qxd1+ 21. Rxd1 Rbd8 22. Rxd8 Rxd8 23. Bf3 Bf8 24. axb3
$16) 18. Bxc3 Bxf1 19. Qxf1 b5 {The advance of the b-pawn takes the perfect
square c4 from the knight and forces White to clarify the situation in the
center.} (19... Nd5 20. Be5 Bd6 21. Bb2 Be7 22. Rd1 Bf6 23. Nc4 Bxb2 24. Rxd5
Qf6 25. Rd6 $16) (19... Qc7 20. Nc4 Rbd8 21. Be5 Qc8 22. c7 Rde8 (22... Rd7 23.
Bh3 $18) 23. Bf4 Nh5 24. Nd6 Qxc7 25. Nxe8 Qd7 26. Rd1 Qxe8 27. Be3 $16) 20.
Ne4 $1 (20. Nf3 $6 Qb6 $14) 20... Nxe4 (20... Qc7 $5 21. Nxf6+ Bxf6 22. Bxf6
gxf6 23. Qd3 $16) 21. Bxe4 Qc8 {The defence becomes more difficult with each
further move, since the centralized white forces are manifesting exceptional
attacking potential.} (21... Qc7 22. Qh3 $1 g6 (22... h6 23. Qg4 Bg5 24. Qf5 g6
25. Qd5 Rbd8 (25... Rfd8 26. Be5 Rxd5 27. Bxc7 $16) 26. Qxb5 $16) 23. Qh6 f6
24. Bxg6 $1 hxg6 25. Qxg6+ Kh8 26. Re1 $18) (21... Bf6 $2 22. Qh3 h6 23. Qf5
$18) 22. Qd3 $1 Kh8 (22... g6 23. Qd4 f6 24. Qxa7 $18) (22... h6 23. Bd5 Qg4
24. Re1 $18) 23. Rc1 f5 (23... Qc7 24. Qd5 $1 f6 25. Qh5 $18) 24. Bf3 Rd8 (
24... b4 25. Be5 Rb6 26. c7 $16) 25. Qe3 Qc7 26. Qe5 $1 {Sasikiran centralizes
the queen and grabs an additional pawn. The weaknesses on the kingside will
become untenable for the defender.} Bd6 (26... Qxe5 27. Bxe5 Rb6 28. c7 Rc8 29.
Bd4 Bd6 30. Bxb6 axb6 31. Rd1 Bxc7 32. Rc1 $18) 27. Qxf5 Rf8 28. Qg4 Be5 (28...
Qf7 29. Bd4 Rbd8 30. Bd5 $18) 29. Bd2 a5 (29... Qf7 30. Kg2 Rbd8 31. Be3 $16)
30. Be3 {Onischuk has managed to avert the first onslaught, but White will
have no problems to improve his pieces significantly.} a4 31. Be4 axb3 32. axb3
Rf6 33. Rc5 h6 (33... g6 34. f4 Bb2 (34... Bd6 35. Rc1 $18) 35. Qe2 Ba3 36.
Rxb5 $18) 34. Rd5 Rd8 35. Qh5 {The illustrative variation clearly explains why
Alexander decided to resign:} (35. Qh5 Bd6 36. Bd4 Re6 37. Qf5 Rxe4 38. Qxe4
Qxc6 39. Bxg7+ Kxg7 40. Rg5+ hxg5 41. Qxc6 $18) 1-0

[Event "Tilburg"]
[Site "Tilburg"]
[Date "1993.??.??"]
[Round "3"]
[White "Nikolic, Predrag"]
[Black "Yudasin, Leonid"]
[Result "1-0"]
[WhiteElo "2625"]
[BlackElo "2605"]
[Annotator "Ftacnik,L"]
[PlyCount "63"]
[EventDate "1993.11.??"]
[EventType "k.o."]
[EventRounds "7"]
[EventCountry "NED"]
[SourceTitle "CBM 039"]
[Source "ChessBase"]
[SourceDate "1994.04.01"]
[SourceVersion "1"]
[SourceVersionDate "1994.04.01"]
[SourceQuality "1"]

1. d4 Nf6 2. c4 e6 3. Nf3 b6 4. g3 Ba6 5. b3 d5 6. Bg2 Bb4+ 7. Bd2 Bxd2+ 8.
Nbxd2 c5 9. dxc5 bxc5 10. O-O O-O 11. Re1 Nc6 12. cxd5 exd5 13. Rc1 Qb6 14. Qc2
Nb4 15. Qxc5 Nxa2 (15... Qxc5 16. Rxc5 Nxa2 17. Nd4 $14) 16. Qxb6 axb6 17. Rc6
Rab8 $2 (17... Rfb8 18. Nd4 $14) 18. Ra1 Nb4 19. Rxf6 $1 gxf6 20. Ra4 $16 Rfc8
21. Rxb4 Rc1+ 22. Bf1 Bxe2 23. Kg2 Bd1 (23... Bxf1+ 24. Nxf1 Rc5 25. Ne3 $16)
24. Rd4 Rd8 25. Nh4 Kf8 26. Bd3 Rc3 27. b4 h5 28. Nf5 Bg4 29. Ne3 Be6 30. h4
Kg7 31. Be2 Kh6 32. Ne4 1-0